[Event "CYCC U12"]
[Site "Sault Ste Marie CAN"]
[Date "2017.07.06"]
[Round "2.67"]
[White "Feng, Richard2"]
[Black "Eirew, David"]
[Result "0-1"]
[WhiteElo "1164"]
[BlackElo "678"]
[WhiteFideId "-1"]
[WhiteFideId "-1"]
[PlyCount "90"]
[GameId "2160767908410310"]
[EventDate "2017.07.06"]
[EventType "swiss"]
[EventRounds "7"]
[EventCountry "CAN"]

1. d4 d5 2. c4 Nf6 3. Nc3 c6 4. Nf3 Bf5 5. Bg5 Nbd7 6. e3 h6 7. Bh4 Qc7 8. Qb3 e6 9. Bg3 Qb6 10. Nd2 Qxb3 11. Nxb3 dxc4 12. Bxc4 Nb6 13. Be2 Be7 14. O-O O-O 15. f3 Nh5 16. Be1 Bc2 17. e4 Bxb3 18. axb3 c5 19. f4 cxd4 20. Bxh5 dxc3 21. bxc3 Bc5+ 22. Kh1 f5 23. e5 Nd5 24. Bd2 Be3 25. Bxe3 Nxe3 26. Rf3 Nc2 27. Ra2 Rad8 28. h3 Ne1 29. Rf1 Nd3 30. Rxa7 Rd7 31. Be2 Nc5 32. b4 Ne4 33. Bc4 Ng3+ 34. Kg1 Nxf1 35. Bxe6+ Rdf7 36. Rxb7 Ng3 37. Bxf7+ Rxf7 38. Rb6 Ne2+ 39. Kf2 Nxc3 40. Rc6 Nd5 41. Rc4 Rb7 42. Rd4 Nxb4 43. g4 fxg4 44. hxg4 Nc2 45. Kf3 Nxd4+ 0-1

[Event "CYCC U12"]
[Site "Sault Ste Marie CAN"]
[Date "2017.07.06"]
[Round "2.68"]
[White "Sotnikov, Alexander2"]
[Black "Guenette, Ethan"]
[Result "1-0"]
[WhiteElo "651"]
[BlackElo "1073"]
[WhiteFideId "-1"]
[WhiteFideId "-1"]
[PlyCount "25"]
[GameId "2160767908410311"]
[EventDate "2017.07.06"]
[EventType "swiss"]
[EventRounds "7"]
[EventCountry "CAN"]
[SourceTitle "EXT 2022"]
[Source "ChessBase"]
[SourceDate "2021.10.06"]
[SourceVersion "1"]
[SourceVersionDate "2021.10.06"]
[SourceQuality "1"]

1. d4 d5 2. Bf4 Nc6 3. e3 f6 4. Nc3 g5 5. Qh5+ Kd7 6. Bg3 e5 7. Qf7+ Nce7 8. Nxd5 exd4 9. Nxf6+ Nxf6 10. Qxf6 Bh6 11. Qxd4+ Kc6 12. Qa4+ b5 13. Qxb5# 1-0

[Event "CYCC U12"]
[Site "Sault Ste Marie CAN"]
[Date "2017.07.07"]
[Round "3.54"]
[White "Issani, Nameer"]
[Black "Doknjas, Neil"]
[Result "0-1"]
[WhiteElo "2157"]
[BlackElo "1844"]
[WhiteFideId "-1"]
[WhiteFideId "-1"]
[PlyCount "86"]
[GameId "2160767908410320"]
[EventDate "2017.07.06"]
[EventType "swiss"]
[EventRounds "7"]
[EventCountry "CAN"]
[SourceTitle "EXT 2022"]
[Source "ChessBase"]
[SourceDate "2021.10.06"]
[SourceVersion "1"]
[SourceVersionDate "2021.10.06"]
[SourceQuality "1"]

1. d4 d5 2. c4 e6 3. Nc3 Nf6 4. cxd5 exd5 5. Bg5 Be7 6. e3 O-O 7. Bd3 c6 8. Qc2 Nbd7 9. Nge2 Re8 10. O-O Nf8 11. f3 Be6 12. Bh4 c5 13. Bf2 Qc8 14. b3 a6 15. a4 c4 16. bxc4 dxc4 17. Be4 Nxe4 18. fxe4 Bb4 19. Rac1 Bg4 20. Nd5 Ba5 21. Be1 Bd8 22. Ng3 b5 23. Nf5 Qe6 24. Ng3 Qc6 25. Qf2 Qb7 26. Rb1 Bg5 27. axb5 axb5 28. h3 Be6 29. Nc3 b4 30. d5 Bc8 31. Nb5 Bxe3 32. Qxe3 Qxb5 33. Rxb4 Qxd5 34. Qf2 Qd7 35. Bc3 f6 36. Nh5 Qf7 37. g4 Rxe4 38. Bxf6 Bxg4 39. Nxg7 Bxh3 40. Qf3 Qg6+ 41. Kh2 Bxf1 42. Qxf1 Ra2+ 43. Kh1 Qh6+ 0-1

[Event "CYCC U12"]
[Site "Sault Ste Marie CAN"]
[Date "2017.07.07"]
[Round "3.55"]
[White "Rusonik, Max"]
[Black "Tanaka, Tyler"]
[Result "1-0"]
[WhiteElo "1846"]
[BlackElo "2085"]
[WhiteFideId "-1"]
[WhiteFideId "-1"]
[PlyCount "125"]
[GameId "2160767908410321"]
[EventDate "2017.07.06"]
[EventType "swiss"]
[EventRounds "7"]
[EventCountry "CAN"]
[SourceTitle "EXT 2022"]
[Source "ChessBase"]
[SourceDate "2021.10.06"]
[SourceVersion "1"]
[SourceVersionDate "2021.10.06"]
[SourceQuality "1"]

1. e4 c5 2. Nf3 d6 3. d4 cxd4 4. Nxd4 Nf6 5. Nc3 g6 6. Be3 Bg7 7. f3 Nc6 8. Qd2 O-O 9. Bc4 Nxd4 10. Bxd4 Be6 11. Bxe6 fxe6 12. O-O-O Nd7 13. Bxg7 Kxg7 14. h4 Qa5 15. h5 Rh8 16. h6+ Kg8 17. f4 Nf6 18. Qd4 Rc8 19. e5 dxe5 20. fxe5 Nd5 21. Nxd5 Qxd5 22. Qxd5 exd5 23. e6 Kf8 24. Rxd5 Ke8 25. Rf1 Rf8 26. Rxf8+ Kxf8 27. Rd7 Rb8 28. Kd2 Ke8 29. Kd3 Rd8 30. Rxd8+ Kxd8 31. Ke4 Kc7 32. Kd5 Kb6 33. c4 Kc7 34. b4 Kb6 35. a4 Kc7 36. c5 Kb8 37. c6 b6 38. a5 Kc7 39. axb6+ axb6 40. g3 Kd8 41. Kc4 Kc8 42. g4 Kc7 43. Kd5 Kc8 44. Kc4 Kc7 45. Kb5 g5 46. Ka6 Kxc6 47. Ka7 Kd5 48. Kxb6 Kxe6 49. Kc5 Kf6 50. b5 e5 51. b6 e4 52. Kd4 Kf7 53. b7 e3 54. Kxe3 Kg6 55. b8=Q Kf7 56. Qe5 Kf8 57. Qxg5 Kf7 58. Qg7+ Ke6 59. Qxh7 Kf6 60. g5+ Kxg5 61. Qg7+ Kf5 62. h7 Ke6 63. h8=Q 1-0

[Event "CYCC U12"]
[Site "Sault Ste Marie CAN"]
[Date "2017.07.07"]
[Round "3.56"]
[White "Noorali, Aahil"]
[Black "Wu, Tony (Dongze)"]
[Result "1-0"]
[WhiteElo "2043"]
[BlackElo "1734"]
[WhiteFideId "-1"]
[WhiteFideId "-1"]
[PlyCount "83"]
[GameId "2160767908410322"]
[EventDate "2017.07.06"]
[EventType "swiss"]
[EventRounds "7"]
[EventCountry "CAN"]
[SourceTitle "hb 2017"]

1. d4 Nf6 2. c4 e6 3. Nc3 Bb4 4. e3 O-O 5. Nge2 d6 6. a3 Bxc3+ 7. Nxc3 Nbd7 8. Bd3 b6 9. O-O Bb7 10. f3 c5 11. Nb5 Qe7 12. Qe1 a6 13. Nc3 Rac8 14. Qg3 d5 15. cxd5 Nxd5 16. Nxd5 exd5 17. Bd2 f5 18. Rfe1 Qf6 19. Bc3 c4 20. Bc2 Rce8 21. b3 b5 22. a4 Nb6 23. axb5 axb5 24. Rab1 Bc6 25. e4 fxe4 26. fxe4 b4 27. e5 Qe7 28. bxc4 bxc3 29. Rxb6 Qa7 30. c5 Re6 31. Qxc3 Qf7 32. Qe3 Qf4 33. Qxf4 Rxf4 34. Ba4 Rxd4 35. Bxc6 Kf8 36. Rf1+ Rf6 37. exf6 gxf6 38. Rb7 Kg8 39. Ra1 Rd1+ 40. Rxd1 h5 41. Rxd5 h4 42. Rd8# 1-0

[Event "CYCC U12"]
[Site "Sault Ste Marie CAN"]
[Date "2017.07.07"]
[Round "3.57"]
[White "Yang, Henry"]
[Black "Kang, Dorian"]
[Result "0-1"]
[WhiteElo "1318"]
[BlackElo "2026"]
[WhiteFideId "-1"]
[WhiteFideId "-1"]
[PlyCount "64"]
[GameId "2160767908410323"]
[EventDate "2017.07.06"]
[EventType "swiss"]
[EventRounds "7"]
[EventCountry "CAN"]
[SourceTitle "EXT 2022"]
[Source "ChessBase"]
[SourceDate "2021.10.06"]
[SourceVersion "1"]
[SourceVersionDate "2021.10.06"]
[SourceQuality "1"]

1. e4 c5 2. Nf3 Nc6 3. d4 cxd4 4. Nxd4 Nf6 5. Nc3 e5 6. Ndb5 d6 7. f3 a6 8. Na3 Be6 9. Bg5 Be7 10. Be2 b5 11. Bxf6 Bxf6 12. Nd5 Bg5 13. O-O Ne7 14. Nxe7 Be3+ 15. Kh1 Qxe7 16. c3 O-O 17. Qd3 Bc5 18. Nc2 f5 19. Ne3 Bxe3 20. Qxe3 f4 21. Qd2 Rad8 22. a4 d5 23. axb5 dxe4 24. Qc2 e3 25. Rfd1 Rxd1+ 26. Rxd1 Rb8 27. Qa4 axb5 28. Bxb5 Qc5 29. c4 e2 30. Re1 Qf2 31. Qb4 Qf1+ 32. Rxf1 exf1=R# 0-1

[Event "CYCC U12"]
[Site "Sault Ste Marie CAN"]
[Date "2017.07.07"]
[Round "3.58"]
[White "Huang, Patrick"]
[Black "Lu, Lucas Yunkun"]
[Result "1-0"]
[WhiteElo "2003"]
[BlackElo "1299"]
[WhiteFideId "-1"]
[WhiteFideId "-1"]
[PlyCount "52"]
[GameId "2160767908410324"]
[EventDate "2017.07.06"]
[EventType "swiss"]
[EventRounds "7"]
[EventCountry "CAN"]
[SourceTitle "EXT 2022"]
[Source "ChessBase"]
[SourceDate "2021.10.06"]
[SourceVersion "1"]
[SourceVersionDate "2021.10.06"]
[SourceQuality "1"]

1. e4 c5 2. Nf3 d6 3. d4 cxd4 4. Nxd4 Nf6 5. Nc3 g6 6. Be2 Bg7 7. O-O Nc6 8. Nb3 Bd7 9. Bg5 O-O 10. Kh1 Rc8 11. f4 a6 12. Re1 h6 13. Bh4 b5 14. Bf3 Re8 15. Qd2 Rb8 16. Rad1 Bg4 17. Bxg4 Nxg4 18. Qe2 Qc8 19. h3 Nf6 20. e5 dxe5 21. fxe5 Nh5 22. Nd5 Nxe5 23. g4 Nf6 24. Qxe5 Nxd5 25. Qxd5 Qxc2 26. Rxe7 Red8 1-0

[Event "CYCC U12"]
[Site "Sault Ste Marie CAN"]
[Date "2017.07.07"]
[Round "3.60"]
[White "Liu, Harry"]
[Black "Chakkoli, Anirud"]
[Result "1-0"]
[WhiteElo "1734"]
[BlackElo "1174"]
[WhiteFideId "-1"]
[WhiteFideId "-1"]
[PlyCount "143"]
[GameId "2160767908410325"]
[EventDate "2017.07.06"]
[EventType "swiss"]
[EventRounds "7"]
[EventCountry "CAN"]
[SourceTitle "hb 2017"]

1. d4 Nf6 2. Nf3 e6 3. Bf4 Nc6 4. e3 d5 5. Nbd2 Be7 6. c3 O-O 7. Bd3 h6 8. O-O b6 9. Bb5 Bb7 10. Qa4 Nb8 11. h3 a6 12. Bd3 Nbd7 13. Rac1 c5 14. Rfe1 b5 15. Qd1 c4 16. Bb1 Nh5 17. Bh2 f5 18. Ne5 Nhf6 19. Ndf3 Ne4 20. Ng6 Re8 21. Bxe4 fxe4 22. Nfe5 Nxe5 23. Bxe5 Bf6 24. Qh5 Kh7 25. Rf1 Bxe5 26. Nxe5 Rf8 27. Qg6+ Kg8 28. Qxe6+ Kh7 29. Qg6+ Kg8 30. Ng4 Kh8 31. Ne5 Kg8 32. Qe6+ Kh7 33. Qd7 Qxd7 34. Nxd7 Rf5 35. Nc5 Bc6 36. f3 exf3 37. Rxf3 Rxf3 38. gxf3 a5 39. b3 Rf8 40. Kg2 Rf5 41. Kf2 Kg6 42. Rg1+ Rg5 43. Rxg5+ Kxg5 44. Kg3 Bd7 45. h4+ Kf5 46. e4+ dxe4 47. fxe4+ Kg6 48. bxc4 Be8 49. cxb5 Bxb5 50. d5 Kf7 51. Kf4 Ke7 52. e5 Kd8 53. Ke4 Bc4 54. a3 g5 55. hxg5 hxg5 56. Ne6+ Ke7 57. Nxg5 Kd7 58. Kd4 Bb3 59. Ne4 a4 60. c4 Bxc4 61. Kxc4 Ke7 62. Kc5 Kf7 63. d6 Ke8 64. e6 Kf8 65. Nf6 Kg7 66. e7 Kxf6 67. e8=Q Kg7 68. d7 Kh6 69. d8=Q Kh7 70. Qde7+ Kh6 71. Qg8 Kh5 72. Qeh7# 1-0

[Event "CYCC U12"]
[Site "Sault Ste Marie CAN"]
[Date "2017.07.07"]
[Round "3.61"]
[White "Bui, Alan"]
[Black "Mukherjee, Pranoy"]
[Result "1-0"]
[WhiteElo "1716"]
[BlackElo "1048"]
[WhiteFideId "-1"]
[WhiteFideId "-1"]
[PlyCount "135"]
[GameId "2160767908410326"]
[EventDate "2017.07.06"]
[EventType "swiss"]
[EventRounds "7"]
[EventCountry "CAN"]
[SourceTitle "hb 2017"]

1. d4 d5 2. Nf3 Nf6 3. Bf4 Bf5 4. c4 e6 5. Nc3 Bb4 6. Qb3 Nc6 7. e3 Bxc3+ 8. bxc3 Rb8 9. cxd5 exd5 10. Bb5 a6 11. Bxc6+ bxc6 12. Qa4 Rb6 13. O-O O-O 14. Ne5 Qa8 15. f3 Re8 16. g4 Bg6 17. Nxg6 hxg6 18. Bxc7 Rb2 19. Bf4 Qb7 20. Qd1 Re7 21. Rb1 Rxb1 22. Qxb1 Qxb1 23. Rxb1 Nd7 24. Kf2 f6 25. Rb7 Rf7 26. Bd6 Nf8 27. Rxf7 Kxf7 28. Bxf8 Kxf8 29. e4 Ke7 30. Ke3 Kd6 31. Kd3 Ke6 32. exd5+ cxd5 33. c4 f5 34. g5 f4 35. h4 a5 36. a4 Kd6 37. cxd5 Kxd5 38. Kc3 Kd6 39. Kc4 Kc6 40. d5+ Kd7 41. Kd3 Kd6 42. Kd4 Kd7 43. Ke5 Ke7 44. Kxf4 Kd6 45. Ke4 Kd7 46. Ke5 Ke7 47. d6+ Kd8 48. Ke6 Ke8 49. f4 Kd8 50. d7 Kc7 51. Ke7 Kc6 52. d8=Q Kc5 53. Qxa5+ Kd4 54. Ke6 Ke4 55. Qe5+ Kf3 56. f5 gxf5 57. Kxf5 Kf2 58. Kf4 Kg2 59. Qe2+ Kg1 60. Kg3 Kh1 61. a5 g6 62. a6 Kg1 63. a7 Kh1 64. Kg4 Kg1 65. Kf3 Kh1 66. Kg3 Kg1 67. Qf2+ Kh1 68. a8=B# 1-0

[Event "CYCC U12"]
[Site "Sault Ste Marie CAN"]
[Date "2017.07.07"]
[Round "3.62"]
[White "Gaisinsky, Jacob"]
[Black "Zhao, Jonathan"]
[Result "0-1"]
[WhiteElo "943"]
[BlackElo "1692"]
[WhiteFideId "-1"]
[WhiteFideId "-1"]
[PlyCount "96"]
[GameId "2160767908410327"]
[EventDate "2017.07.06"]
[EventType "swiss"]
[EventRounds "7"]
[EventCountry "CAN"]
[SourceTitle "hb 2017"]

1. e4 d5 2. exd5 Qxd5 3. Nc3 Qa5 4. d4 Nf6 5. Bc4 Bf5 6. Bd2 c6 7. Nf3 e6 8. a3 Qc7 9. Qe2 Bxc2 10. d5 cxd5 11. Bxd5 Nxd5 12. Nxd5 Qd7 13. Bf4 Qxd5 14. Qxc2 Qc6 15. Qd2 Be7 16. Rc1 Qe4+ 17. Be3 Nc6 18. O-O Rd8 19. Qc3 O-O 20. Rfe1 Qd3 21. Qxd3 Rxd3 22. Red1 Rfd8 23. Rxd3 Rxd3 24. Kf1 h6 25. Ke2 Rb3 26. Rc2 Bf6 27. Kd2 Rxb2 28. Rxb2 Bxb2 29. a4 Kf8 30. Kd3 Ke7 31. Nd4 Bxd4 32. Bxd4 Nxd4 33. Kxd4 Kd6 34. f4 f6 35. g3 e5+ 36. fxe5+ fxe5+ 37. Kc4 a6 38. a5 Kc6 39. h3 h5 40. g4 hxg4 41. hxg4 g5 42. Kb4 Kd5 43. Kb3 Kd4 44. Kc2 Ke3 45. Kd1 e4 46. Ke1 Kf3 47. Kf1 e3 48. Ke1 e2 0-1

[Event "CYCC U12"]
[Site "Sault Ste Marie CAN"]
[Date "2017.07.07"]
[Round "3.63"]
[White "Craciun, David"]
[Black "Greco, Justin"]
[Result "1-0"]
[WhiteElo "1617"]
[BlackElo "918"]
[WhiteFideId "-1"]
[WhiteFideId "-1"]
[PlyCount "39"]
[GameId "2160767908410328"]
[EventDate "2017.07.06"]
[EventType "swiss"]
[EventRounds "7"]
[EventCountry "CAN"]
[SourceTitle "hb 2017"]

1. d4 d5 2. e3 Nf6 3. Bd3 Nc6 4. c3 Bf5 5. Bxf5 e6 6. Bc2 Bd6 7. f4 O-O 8. Nf3 Ne4 9. O-O Re8 10. Nbd2 Nxd2 11. Bxd2 Qd7 12. Ne5 Bxe5 13. fxe5 b6 14. Qh5 g6 15. Qh6 Qe7 16. e4 dxe4 17. Bxe4 Qd7 18. Bg5 f6 19. exf6 Kf7 20. Qg7# 1-0

[Event "CYCC U12"]
[Site "Sault Ste Marie CAN"]
[Date "2017.07.07"]
[Round "3.64"]
[White "Schaffner, Jack"]
[Black "Gao, Raymond"]
[Result "0-1"]
[WhiteElo "898"]
[BlackElo "1539"]
[WhiteFideId "-1"]
[WhiteFideId "-1"]
[PlyCount "28"]
[GameId "2160767908410329"]
[EventDate "2017.07.06"]
[EventType "swiss"]
[EventRounds "7"]
[EventCountry "CAN"]
[SourceTitle "hb 2017"]

1. e4 e5 2. Nc3 Nf6 3. d3 d5 4. Bg5 d4 5. Nd5 Be7 6. Bxf6 Bxf6 7. Nxf6+ Qxf6 8. Qf3 Qb6 9. c3 Qxb2 10. Rd1 Qxc3+ 11. Rd2 h5 12. h4 Bg4 13. Qg3 Qc1+ 14. Rd1 Qxd1# 0-1

[Event "CYCC U12"]
[Site "Sault Ste Marie CAN"]
[Date "2017.07.07"]
[Round "3.65"]
[White "Zhao, Jeffrey Renfei"]
[Black "Mugunthan, Vaamanan"]
[Result "1-0"]
[WhiteElo "1525"]
[BlackElo "865"]
[WhiteFideId "-1"]
[WhiteFideId "-1"]
[PlyCount "51"]
[GameId "2160767908410330"]
[EventDate "2017.07.06"]
[EventType "swiss"]
[EventRounds "7"]
[EventCountry "CAN"]
[SourceTitle "hb 2017"]

1. e4 e5 2. Nf3 Nc6 3. Bc4 Be7 4. O-O Nf6 5. Re1 O-O 6. c3 d6 7. d4 exd4 8. cxd4 Re8 9. Nc3 Bg4 10. Be3 h6 11. Qd2 Bxf3 12. gxf3 Nh7 13. f4 Bh4 14. Kh1 Qd7 15. Rg1 Kh8 16. Rg2 Rg8 17. Rag1 Na5 18. Bb5 c6 19. Bd3 b5 20. b3 Nb7 21. e5 d5 22. f5 Bg5 23. Bxg5 hxg5 24. Rxg5 Nxg5 25. Qxg5 g6 26. Qh6# 1-0

[Event "CYCC U12"]
[Site "Sault Ste Marie CAN"]
[Date "2017.07.07"]
[Round "3.66"]
[White "Brunet, Marc-Antoine"]
[Black "Vo, Andy"]
[Result "0-1"]
[WhiteElo "850"]
[BlackElo "1512"]
[WhiteFideId "-1"]
[WhiteFideId "-1"]
[PlyCount "92"]
[GameId "2160767908410331"]
[EventDate "2017.07.06"]
[EventType "swiss"]
[EventRounds "7"]
[EventCountry "CAN"]
[SourceTitle "hb 2017"]

1. d4 Nf6 2. e3 e6 3. Bd3 d5 4. Nd2 c5 5. c3 Nc6 6. Ngf3 Be7 7. Ne5 Qc7 8. Bb5 Bd7 9. Nxd7 Qxd7 10. O-O O-O 11. dxc5 Bxc5 12. Nb3 Be7 13. Nd4 a6 14. Nxc6 bxc6 15. Ba4 Qc7 16. Re1 Rfd8 17. Qf3 Bd6 18. g3 Ne4 19. c4 Rab8 20. b3 Be5 21. Rb1 Nc3 22. cxd5 cxd5 23. Bb2 Nxb1 24. Rc1 Qd6 25. Rc6 Qxc6 26. Bxc6 Bxb2 27. Qd1 Nc3 28. Qc2 Ba1 29. Kf1 Rdc8 30. Bd7 Rc7 31. Ba4 Rbc8 32. Qc1 Nxa4 33. Qa3 Nc5 34. b4 Ne4 35. Qxa6 g6 36. b5 Rb8 37. f3 Nd2+ 38. Kf2 Nc4 39. Ke2 Rcb7 40. e4 Rxb5 41. exd5 exd5 42. Qc6 Rb2+ 43. Kd3 Ne5+ 44. Kd4 Nxc6+ 45. Kxd5 Rd2+ 46. Kc5 Rb1 0-1

[Event "CYCC U12"]
[Site "Sault Ste Marie CAN"]
[Date "2017.07.07"]
[Round "3.67"]
[White "Stopic, Alexander"]
[Black "Shi, Kevin"]
[Result "1/2-1/2"]
[WhiteElo "1502"]
[BlackElo "799"]
[WhiteFideId "-1"]
[WhiteFideId "-1"]
[PlyCount "90"]
[GameId "2160767908410332"]
[EventDate "2017.07.06"]
[EventType "swiss"]
[EventRounds "7"]
[EventCountry "CAN"]
[SourceTitle "hb 2017"]

1. e4 e5 2. Nf3 Nc6 3. Bb5 d6 4. d4 Bd7 5. dxe5 dxe5 6. Nc3 Bb4 7. Bd2 Nf6 8. Bxc6 Bxc6 9. Nxe5 Bxc3 10. Bxc3 Bxe4 11. Qe2 O-O 12. O-O Qe7 13. Ng4 Nxg4 14. Qxg4 f5 15. Qe2 Qg5 16. f3 Bc6 17. Qc4+ Kh8 18. Rfe1 Rae8 19. Qc5 h6 20. Qxa7 Kh7 21. Qa5 Bxf3 22. g3 f4 23. Qxc7 Rxe1+ 24. Rxe1 Rg8 25. Re7 fxg3 26. Qxg3 Qc5+ 27. Kf1 Qxe7 28. Be5 Re8 29. Bc3 Qe2+ 30. Kg1 Qd1+ 31. Kf2 Qe2+ 32. Kg1 Qe3+ 33. Kf1 Be2+ 34. Kg2 Bf3+ 35. Qxf3 Qxf3+ 36. Kxf3 Rf8+ 37. Ke4 g5 38. Be5 Rf2 39. c4 h5 40. a4 Re2+ 41. Kd5 g4 42. b4 h4 43. a5 Rxe5+ 44. Kxe5 g3 45. hxg3 h3 1/2-1/2

[Event "CYCC U12"]
[Site "Sault Ste Marie CAN"]
[Date "2017.07.07"]
[Round "3.68"]
[White "Eirew, David"]
[Black "Butchart, Kevin"]
[Result "0-1"]
[WhiteElo "678"]
[BlackElo "1363"]
[WhiteFideId "-1"]
[WhiteFideId "-1"]
[PlyCount "148"]
[GameId "2160767908410333"]
[EventDate "2017.07.06"]
[EventType "swiss"]
[EventRounds "7"]
[EventCountry "CAN"]
[SourceTitle "EXT 2022"]
[Source "ChessBase"]
[SourceDate "2021.10.06"]
[SourceVersion "1"]
[SourceVersionDate "2021.10.06"]
[SourceQuality "1"]

1. e4 c5 2. c4 e6 3. Nc3 Nc6 4. Nf3 d6 5. Be2 Nf6 6. O-O Be7 7. Qc2 a6 8. b3 Nb4 9. Qd1 d5 10. cxd5 exd5 11. d3 dxe4 12. dxe4 O-O 13. Bf4 Re8 14. a3 Nc6 15. Rc1 Nh5 16. Be3 Qxd1 17. Rfxd1 Be6 18. Bc4 Bxc4 19. bxc4 Rad8 20. Nd5 Nf6 21. Nxe7+ Rxe7 22. Bxc5 Rxd1+ 23. Rxd1 Rxe4 24. Bb4 h6 25. h3 Rxc4 26. Nd2 Rd4 27. Bc5 Rd5 28. Bb6 Ne4 29. Be3 Na5 30. Kf1 Nb3 31. Ke2 Nexd2 32. Bxd2 Rxd2+ 33. Rxd2 Nxd2 34. Kxd2 Kf8 35. Kd3 Ke7 36. Kc4 Kd6 37. a4 Kc6 38. a5 b5+ 39. Kb4 Kd5 40. f3 Kd4 41. Kb3 Kc5 42. g3 b4 43. h4 Kb5 44. g4 f6 45. f4 Kxa5 46. g5 Kb5 47. gxf6 gxf6 48. f5 a5 49. h5 a4+ 50. Kb2 Kc4 51. Kc2 a3 52. Kb1 Kc3 53. Ka1 b3 54. Kb1 a2+ 55. Ka1 Kd4 56. Kb2 Ke5 57. Ka1 Kxf5 58. Kb2 Kg5 59. Ka1 Kxh5 60. Kb2 f5 61. Ka1 Kg4 62. Kb2 h5 63. Ka1 f4 64. Kb2 h4 65. Ka1 f3 66. Kb2 h3 67. Ka1 f2 68. Kb2 h2 69. Kc3 a1=Q+ 70. Kb4 Qc1 71. Kxb3 f1=Q 72. Ka2 h1=Q 73. Kb3 Qa6 74. Kb4 Qhb7# 0-1

[Event "CYCC U12"]
[Site "Sault Ste Marie CAN"]
[Date "2017.07.07"]
[Round "3.69"]
[White "Joseph Benher, Savio"]
[Black "Sotnikov, Alexander2"]
[Result "1-0"]
[WhiteElo "1344"]
[BlackElo "651"]
[WhiteFideId "-1"]
[WhiteFideId "-1"]
[PlyCount "49"]
[GameId "2160767908410334"]
[EventDate "2017.07.06"]
[EventType "swiss"]
[EventRounds "7"]
[EventCountry "CAN"]
[SourceTitle "EXT 2022"]
[Source "ChessBase"]
[SourceDate "2021.10.06"]
[SourceVersion "1"]
[SourceVersionDate "2021.10.06"]
[SourceQuality "1"]

1. e4 e5 2. Nf3 Nf6 3. Nxe5 d6 4. Nf3 Nxe4 5. d4 d5 6. Bd3 Bf5 7. O-O Bd6 8. Re1 O-O 9. c4 Bb4 10. Re2 c6 11. Qb3 Ba5 12. cxd5 cxd5 13. Qxb7 Qd7 14. Qxd7 Nxd7 15. Bxe4 Bxe4 16. Nc3 Bxc3 17. bxc3 Nf6 18. Ba3 Rfc8 19. Rc1 a5 20. Ng5 Rab8 21. f3 Bg6 22. Re7 Rb1 23. Rxb1 Bxb1 24. Rxf7 Rxc3 25. Rf8# 1-0

[Event "CYCC U12"]
[Site "Sault Ste Marie CAN"]
[Date "2017.07.07"]
[Round "3.69"]
[White "Xiang, Christopher"]
[Black "Zhao, Ian"]
[Result "0-1"]
[WhiteElo "1271"]
[BlackElo "1930"]
[WhiteFideId "-1"]
[WhiteFideId "-1"]
[PlyCount "64"]
[GameId "2160767908410335"]
[EventDate "2017.07.06"]
[EventType "swiss"]
[EventRounds "7"]
[EventCountry "CAN"]
[SourceTitle "hb 2017"]

1. e4 e5 2. Nf3 Nc6 3. d4 exd4 4. Nxd4 Bc5 5. Nxc6 Qf6 6. Qf3 dxc6 7. Qxf6 Nxf6 8. Nc3 Be6 9. Bf4 O-O-O 10. Bd3 h6 11. O-O Bd4 12. Rad1 g5 13. Be3 Bxe3 14. fxe3 Ng4 15. Rde1 Ne5 16. Rd1 Rd6 17. Be2 Rhd8 18. Rxd6 cxd6 19. Rf6 Rh8 20. Bh5 Kd7 21. Ne2 Ke7 22. Rf1 Nc4 23. Kf2 Nd2 24. Rd1 Nxe4+ 25. Kf3 Bd5 26. Rxd5 cxd5 27. Nd4 Kf6 28. Nb5 Rc8 29. c3 a6 30. Bg4 Rd8 31. Nc7 Ke5 32. Ke2 f5 0-1

[Event "CYCC U12"]
[Site "Sault Ste Marie CAN"]
[Date "2017.07.07"]
[Round "4.54"]
[White "Zhao, Ian"]
[Black "Noorali, Aahil"]
[Result "1/2-1/2"]
[WhiteElo "1930"]
[BlackElo "2043"]
[WhiteFideId "-1"]
[WhiteFideId "-1"]
[PlyCount "89"]
[GameId "2160767908410342"]
[EventDate "2017.07.06"]
[EventType "swiss"]
[EventRounds "7"]
[EventCountry "CAN"]
[SourceTitle "hb 2017"]

1. e4 e5 2. Nf3 Nc6 3. Bc4 Bc5 4. c3 Nf6 5. d3 d6 6. O-O O-O 7. Nbd2 Bb6 8. h3 Ne7 9. Re1 Ng6 10. Nf1 h6 11. Ng3 Re8 12. Bb3 c6 13. Qc2 d5 14. Bd2 Qc7 15. Rad1 Bd7 16. Bc1 Rad8 17. Nf5 Bc8 18. a4 dxe4 19. dxe4 Rxd1 20. Rxd1 Rd8 21. Ng3 Rxd1+ 22. Qxd1 Qd7 23. Qxd7 Bxd7 24. Bc4 Bc7 25. Be3 b5 26. Bb3 bxa4 27. Bxa4 Bb6 28. Bxb6 axb6 29. b4 c5 30. Bxd7 Nxd7 31. b5 Nf6 32. c4 Ne8 33. Nf5 Kf8 34. Kf1 f6 35. g3 Ne7 36. Nxe7 Kxe7 37. Nd2 Nd6 38. f3 Ke6 39. Ke2 g6 40. Kf2 f5 41. Ke2 fxe4 42. fxe4 g5 43. Kf3 Ne8 44. Ke3 Nd6 45. Kf3 1/2-1/2

[Event "CYCC U12"]
[Site "Sault Ste Marie CAN"]
[Date "2017.07.07"]
[Round "4.55"]
[White "Kang, Dorian"]
[Black "Rusonik, Max"]
[Result "0-1"]
[WhiteElo "2026"]
[BlackElo "1846"]
[WhiteFideId "-1"]
[WhiteFideId "-1"]
[PlyCount "90"]
[GameId "2160767908410343"]
[EventDate "2017.07.06"]
[EventType "swiss"]
[EventRounds "7"]
[EventCountry "CAN"]
[SourceTitle "hb 2017"]

1. d4 f5 2. Bg5 h6 3. Bh4 g5 4. Bg3 Nf6 5. e3 d6 6. h4 g4 7. Bc4 e6 8. Ne2 d5 9. Bd3 Bd6 10. c4 Bxg3 11. Nxg3 b6 12. b4 c5 13. Ne2 Nc6 14. cxd5 Qxd5 15. Nf4 Qd8 16. Bb5 Qc7 17. Qa4 Bd7 18. bxc5 bxc5 19. Qc4 Kf7 20. dxc5 Ne5 21. Qb3 Rab8 22. c6 Nxc6 23. Qa4 Qe5 24. Bxc6 Qxa1 25. Ke2 Qb2+ 26. Nd2 Bxc6 27. Qxc6 Qb5+ 28. Qxb5 Rxb5 29. Rc1 Rd8 30. Rc7+ Rd7 31. Rc2 Nd5 32. Nc4 Nxf4+ 33. exf4 Kf6 34. Ne5 Rd4 35. g3 Rdb4 36. a4 Rb2 37. Rxb2 Rxb2+ 38. Kf1 Ra2 39. Nd7+ Ke7 40. Nc5 Kd6 41. Nb7+ Kc7 42. Nc5 Kd6 43. Nb7+ Kd5 44. a5 Rb2 45. Nd8 Rb5 0-1

[Event "CYCC U12"]
[Site "Sault Ste Marie CAN"]
[Date "2017.07.07"]
[Round "4.56"]
[White "Doknjas, Neil"]
[Black "Huang, Patrick"]
[Result "0-1"]
[WhiteElo "1844"]
[BlackElo "2003"]
[WhiteFideId "-1"]
[WhiteFideId "-1"]
[PlyCount "88"]
[GameId "2160767908410344"]
[EventDate "2017.07.06"]
[EventType "swiss"]
[EventRounds "7"]
[EventCountry "CAN"]
[SourceTitle "EXT 2022"]
[Source "ChessBase"]
[SourceDate "2021.10.06"]
[SourceVersion "1"]
[SourceVersionDate "2021.10.06"]
[SourceQuality "1"]

1. e4 c5 2. Nf3 d6 3. d4 cxd4 4. Nxd4 Nf6 5. Nc3 a6 6. f3 e5 7. Nb3 Be6 8. Be3 Be7 9. Qd2 Nbd7 10. g4 b5 11. g5 Nh5 12. Nd5 Bxd5 13. Qxd5 O-O 14. h4 Nb6 15. Qd2 Ng3 16. Rg1 Nxf1 17. Rxf1 Nc4 18. Qc3 Rc8 19. Rf2 b4 20. Qd3 a5 21. O-O-O Qc7 22. Kb1 a4 23. Nc1 d5 24. Rg2 d4 25. Bg1 a3 26. b3 Nb2 27. Qd2 Nxd1 28. Qxd1 d3 29. Nxd3 Rfd8 30. Qe2 Rxd3 31. Qxd3 Rd8 32. Rd2 Rxd3 33. Rxd3 f6 34. Be3 fxg5 35. hxg5 Qc8 36. c4 bxc3 37. Kc2 Bb4 38. f4 Qh3 39. fxe5 Qg2+ 40. Kc1 Qb2+ 41. Kd1 c2+ 42. Ke2 c1=Q+ 43. Kf3 Qf1+ 44. Kg4 Qbg2+ 0-1